Baby Boy Names: Scotland 2012 Quiz Stats

 Plays Quiz not verified by Sporcle

Challenge
Share
Tweet
Embed
Score 0/100 Timer 12:00
0 Plays Today
Rank Name % Correct
3James
93.9%
37William
91.2%
51John
90.7%
1Jack
89.5%
45David
89.1%
=47Michael
88.8%
=57Robert
85.7%
23Thomas
85.4%
40Andrew
85.3%
6Daniel
85%
8Harry
84.5%
=82Alex
83.8%
9Alexander
83.1%
=79Sam
82.3%
=29Matthew
81.3%
10Oliver
80.9%
49Samuel
79.9%
=84George
79.4%
19Ryan
78.2%
42Luke
77.7%
55Ben
77.7%
=74Christopher
77.7%
=20Liam
76.8%
=96Mark
76.2%
=47Joseph
75%
52Benjamin
74.7%
16Adam
73.9%
34Nathan
73.4%
=32Joshua
73.1%
35Jacob
73%
=57Josh
72.7%
7Ethan
72.3%
12Charlie
71.8%
27Kyle
69.9%
Rank Name % Correct
15Aaron
69.5%
2Lewis
69.3%
22Jamie
68.9%
=98Sean
68.9%
=20Lucas
68.8%
36Aiden
67.4%
=29Noah
67%
=79Zac
67%
59Owen
66.4%
=32Connor
66.3%
26Dylan
65.5%
65Jay
65.5%
95Luca
64.8%
64Jake
64.2%
=13Tyler
63.8%
25Cameron
63.4%
77Evan
62.5%
91Isaac
62.3%
=60Oscar
62.2%
=100Kian/Kieran/Sebastian
62%
76Scott
61.9%
41Jayden
61.8%
=84Aidan
61.5%
5Logan
61.2%
24Callum
61.2%
11Max
61%
39Leo
59.6%
18Alfie
58%
17Mason
57.7%
54Harrison
54.5%
50Leon
53.3%
=82Ewan
53.3%
28Harris
51.7%
62Caleb
51.1%
Rank Name % Correct
4Riley
49.2%
44Kai
49.2%
66Finn
47.6%
=13Finlay
47.4%
46Cole
47.3%
38Archie
46%
63Euan
45%
31Rory
44.8%
67Ross
44.8%
=68Calum
43.1%
=88Blake
41.9%
43Rhys
41%
71Ollie
40.9%
56Robbie
40.4%
81Kayden
39.6%
=98Jude
39.6%
=88Declan
39.1%
93Cody
38.8%
73Angus
38.5%
92Reece
38.5%
78Cooper
37.7%
=68Muhammad
32.3%
=60Fraser
31.5%
90Kaiden
31.5%
72Arran
31.1%
=86Olly
30.7%
94Calvin
29.6%
53Brodie
28.8%
70Blair
28.2%
=74Murray
28%
=86Ruaridh
26.3%
=96Shay
19.1%

You're not logged in!

Compare scores with friends on all Sporcle quizzes.
Join for Free
OR
Log In

You Might Also Like...

Show Comments

Extras

Top Quizzes Today


Score Distribution

Your Account Isn't Verified!

In order to create a playlist on Sporcle, you need to verify the email address you used during registration. Go to your Sporcle Settings to finish the process.

Report this User

Report this user for behavior that violates our Community Guidelines.

Details: